00489 2200193 4500001002100000005001500021008004100036020001800077035001900095041000700114082001200121090001200133100002200145245003500167250001100202260002700213300003000240650002500270INLIS00000000000451820210322161022210322||||||||| | ||| |||| || |  a9786022032977 0010-0321004518 aid0 a631.157 a631.1570 aMAULIDAH, Silvana00aPengantar manajemen agribisnis aCet. 1 aMalangbUB Pressc2012 aix,252 hal.: ilus.; 24 cm 0aManajemen agribisnis